[Event "BL 2017-18"]
[Site "Germany"]
[Date "2018.05.01"]
[Round "15.4"]
[White "Saric, Ivan"]
[Black "Hoolt, Sarah"]
[Result "1-0"]
[WhiteElo "2677"]
[BlackElo "2379"]
[Annotator "TA"]
[PlyCount "89"]
[EventDate "2018.05.24"]
[EventType "team-tourn"]
[EventCountry "GER"]
[SourceTitle "playchess.com"]
[Source "ChessBase"]
[SourceQuality "1"]
[WhiteTeam "Hockenheim"]
[BlackTeam "Speyer"]

{[%evp 20,89,58,72,57,51,53,47,52,40,58,47,44,37,37,37,37,37,56,44,57,58,55,44,44,44,46,34,44,37,47,36,63,62,63,56,72,72,83,37,42,40,40,40,43,39,111,103,150,135,228,208,454,480,481,467,455,491,460,428,445,431,565,543,535,542,788,776,1028,979,1280,1265]} 1. e4 e6 2. d4 d5 3. Nc3 dxe4 4. Nxe4 Nd7 5. Bd3 Ngf6 6. c3 Nxe4 7. Bxe4 c5 8. Nf3 Be7 9. Bc2 cxd4 10. Nxd4 Nf6 11. O-O {LiveBook: 6 Games} Qc7 {C10: French with 3 Nc3: Unusual Black 3rd moves and 3...dxe4} (11... O-O 12. Bf4 Bd6 13. Nxe6 Bxe6 14. Bxd6 Re8 15. Bc5 Bc4 16. Re1 Rxe1+ 17. Qxe1 Qd5 18. Bd4 Re8 19. Qd1 {1-0 (31) Lastin,A (2616)-Dobrotka,M (2246) Plovdiv 2010}) 12. Re1 $146 ({Predecessor:} 12. Nb5 Qc6 13. Bf4 O-O 14. Nc7 e5 15. Bxe5 Bg4 16. Qd2 Rac8 17. Qf4 Bd7 18. Rad1 b5 19. Qg3 {1-0 (46) Zozulia,A (2327)-Kononenko,T (2295) Alushta 1999}) 12... Bd7 13. Qf3 Bc6 {White is slightly better.} 14. Nxc6 Qxc6 15. Qxc6+ bxc6 16. Ba4 Rc8 $1 17. Bd2 Nd5 18. Rad1 Bf6 19. Bc1 {aiming for Rxd5.} Nb6 20. Bc2 h5 21. Be4 O-O 22. g3 c5 23. h4 Rfd8 24. Kf1 Kf8 25. Ke2 Ke7 26. Rxd8 Rxd8 27. Be3 Rc8 28. Kd3 g6 29. Rc1 Nd5 30. Bd2 c4+ 31. Kc2 Kd6 32. Rd1 Rc5 {[#]} (32... Ke5 $14 33. Bg2 Be7) 33. b4 $1 $16 {[%cal Rb4c5,Bb2b4,Bb4b5][%mdl 32]} Rc6 34. a4 Ke5 (34... Rc7 $16 35. Bf4+ Be5) 35. b5 {Threatens to win with Bxd5.} Rb6 $2 (35... Rc5 36. Bxd5 Rxd5) 36. Bxd5 $18 {White is clearly winning.} exd5 {[%mdl 4096] Endgame KRB-KRB} 37. Be3 Rb7 38. Bd4+ Kf5 39. Bxf6 Kxf6 40. Rxd5 {KR-KR} Rc7 41. Kb2 Ke6 42. Rd4 a6 43. b6 Rc6 44. a5 {Strongly threatening b7.} Rc5 {[#]} 45. Rxc4 $1 {[%mdl 512] Precision: White = 57%, Black = 45%.} 1-0

[Event "BL 2017-18"]
[Site "Germany"]
[Date "2018.05.01"]
[Round "15.4"]
[White "Schneider, Stefan"]
[Black "Heinemann, Thies"]
[Result "0-1"]
[WhiteElo "2401"]
[BlackElo "2507"]
[Annotator "TA"]
[PlyCount "80"]
[EventDate "2018.05.24"]
[EventType "team-tourn"]
[EventCountry "GER"]
[SourceTitle "playchess.com"]
[Source "ChessBase"]
[SourceQuality "1"]
[WhiteTeam "Bayern Muenchen"]
[BlackTeam "Hamburg SK"]

{[%evp 24,80,25,16,66,26,10,-17,-4,-10,-23,-13,29,29,28,22,22,22,29,22,29,0,0,0,11,0,23,30,47,1,20,18,25,0,0,0,0,0,7,6,26,16,52,0,0,-13,-5,-5,-12,-26,-32,-71,-45,-46,-35,-63,-17,-53,-165]} 1. d4 Nf6 2. Nf3 e6 3. c4 b6 4. g3 Ba6 5. Qa4 Bb7 6. Bg2 c5 7. dxc5 bxc5 8. O-O Be7 9. Nc3 O-O 10. Rd1 Qb6 11. Bf4 d6 12. Rab1 {E15: Queen's Indian: 4 g3 sidelines, 4 g3 Ba6 and 4 g3 Bb7 early deviations} Nbd7 13. b4 {LiveBook: 16 Games} cxb4 (13... Rfb8 14. a3 h6 15. h3 a6 16. Qa5 Qxa5 17. bxa5 Ne8 18. Ne5 Nxe5 19. Bxb7 Nxc4 20. Bxa8 Rxa8 {0-1 (49) Xu,Y (2545)-Jakovenko,D (2732) China 2018}) 14. Rxb4 {White is slightly better.} Bc6 15. Qb3 Qc5 16. Be3 {[#]} Qa5 $146 ({Predecessor:} 16... Qh5 17. h3 h6 18. g4 Qa5 19. Nb5 Nc5 {0-1 (49) Voinov,A (2417)-Shaposhnikov,E (2550) Saratov 2006}) 17. Nb5 Nc5 18. Bxc5 dxc5 19. Ra4 Qb6 {[#] aiming for ...a6.} 20. Ne5 Bxg2 21. Kxg2 a6 $1 22. Nd4 Qc7 $1 23. Ndf3 $1 Bd6 24. Qe3 h6 25. Ra3 {[%cal Ba4a3,Ba3d3,Bd3d2][%mdl 32]} Rfb8 26. Rad3 Rb6 27. h3 a5 28. R3d2 a4 29. Ng4 {Hoping for Nxf6+.} Ne8 30. Nge5 Rb4 31. g4 Rab8 32. h4 f6 33. Nd3 (33. Ng6 $1 $14) 33... Rxc4 $11 {And now ...e5 would win.} 34. Qxe6+ Qf7 35. Qxf7+ Kxf7 36. Kh3 g5 37. h5 Ke7 38. Nfe1 {[#]} f5 $1 {[%mdl 512] Threatens to win with ...Nf6.} 39. gxf5 Nf6 {...Ne4 is the strong threat.} 40. Nb2 Rh4+ {Precision: White = 56%, Black = 55%.} 0-1

[Event "BL 2017-18"]
[Site "Germany"]
[Date "2018.05.01"]
[Round "15.4"]
[White "Burkart, Patrick"]
[Black "Gustafsson, Jan"]
[Result "0-1"]
[WhiteElo "2298"]
[BlackElo "2635"]
[Annotator "TA"]
[PlyCount "96"]
[EventDate "2018.05.24"]
[EventType "team-tourn"]
[EventCountry "GER"]
[SourceTitle "playchess.com"]
[Source "ChessBase"]
[SourceQuality "1"]
[WhiteTeam "SV Hofheim"]
[BlackTeam "Baden-Baden"]

{[%evp 24,96,-13,-23,-29,-24,-24,-25,-25,-38,-28,-40,-19,-47,-26,-24,-25,-25,-25,-53,-29,-36,-31,-35,-42,-54,-20,-12,-14,-14,-15,-15,-14,-14,115,110,110,100,114,-80,-85,-100,-93,-89,-91,-99,-85,-179,-118,-206,-204,-283,-286,-281,-283,-666,-666,-636,-624,-985,-972,-982,-944,-1083,-964,-29986,-29987,-29987,-29988,-29988,-29989,-29989,-766,-744,-719]} 1. d4 Nf6 2. Nf3 g6 3. c4 Bg7 4. Nc3 d5 5. e3 O-O 6. Qb3 e6 7. Be2 b6 8. O-O Bb7 9. cxd5 exd5 {D95: Grünfeld: 4 Nf3 Bg7 5 e3 0-0 6 Qb3} 10. Bd2 Nbd7 11. Rfd1 Re8 12. Rac1 c6 13. Be1 {LiveBook: 7 Games} (13. a4 a5 14. Ne1 Nf8 15. Nd3 Ne6 16. Bf1 h5 17. Ne2 {½-½ (30) Jussupow,A (2587)-Kasimdzhanov,R (2699) Germany 2014}) 13... Bf8 14. a3 Bd6 15. Qc2 $146 ({Predecessor:} 15. Na2 a5 16. Nc3 Qe7 17. Qc2 {½-½ (42) Bensdorp,M (2334)-Tukhaev,A (2534) Paleochora 2009}) 15... Qe7 16. Rb1 Rac8 17. Rdc1 Ne4 18. Qa4 Bb8 19. Nxe4 dxe4 20. Nd2 Nf6 {[%cal Bd7f6,Bf6d5,Bd5e3][%mdl 32]} 21. Rc2 h5 22. Rbc1 Qd6 23. Nf1 Nd5 24. Qb3 Rcd8 (24... h4 {looks sharper.} 25. h3 Kg7 26. Bb4 Qe6 27. Nd2 f5) 25. f3 exf3 26. Bxf3 {[#]} Nxe3 $1 {[%mdl 512]} 27. Rxc6 (27. Nxe3 Qxh2+) 27... Bxc6 28. Rxc6 Qe7 (28... Qxd4 $11 29. Bf2 {[#]} Bxh2+ $1 {[%mdl 512]} 30. Nxh2 Qd3 31. Qxd3 Rxd3) 29. Rxg6+ $1 $16 Kh8 30. Bb4 Qd7 {White must now prevent ...Bxh2+!} 31. Bc6 $2 (31. Rg5 $16 {stays on course.} Nxf1 32. Rxh5+ (32. Kxf1 f6 $16) 32... Kg7 33. Kxf1) 31... Qf5 $17 {[%csl Ge3][%cal Rf5f1]} 32. Rh6+ Kg7 {[%csl Ge3][%cal Rf5f1]} 33. Nxe3 Rxe3 34. Qxe3 Bf4 $40 {[%mdl 128] Black attacks with force.} 35. Qf2 (35. Qe2 $17 Bxh6 36. Bc3) 35... Qb1+ (35... Bxh2+ $1 $19 36. Kf1 Qxf2+ 37. Kxf2 Kxh6) 36. Be1 (36. Qe1 $17 Qxe1+ 37. Bxe1 Kxh6 38. d5) 36... Bxh6 $19 37. h4 Qc1 {...Be3 is the strong threat.} 38. Qg3+ Kf8 {And now ...Bd2 would win.} 39. Kh2 $2 (39. Qc3 Rxd4 40. Bf3) 39... Qxc6 40. Bb4+ Ke8 41. Qe5+ Qe6 42. Qb5+ Rd7 43. Qa6 Rxd4 44. Qb5+ Kd8 45. Qxh5 Rg4 46. Be1 f5 47. Bg3 Qg6 (47... Qe3 $142 48. Bb8 Bf4+ 49. Bxf4 Qxf4+ 50. Kg1 Qe3+ 51. Kf1 Qc1+ 52. Kf2 Qd2+ 53. Kf1 Qxg2+ 54. Ke1 Qe4+ 55. Kf2 Qf4+ 56. Ke2 Rg2+ 57. Kd3 Rd2+ 58. Kc3 Qd4+ 59. Kb3 Rxb2#) 48. Qxg6 Rxg6 {Precision: White = 42%, Black = 53%.} 0-1

[Event "BL 2017-18"]
[Site "Germany"]
[Date "2018.05.01"]
[Round "15.5"]
[White "Olszewski, Michal"]
[Black "Mons, Leon"]
[Result "1/2-1/2"]
[WhiteElo "2538"]
[BlackElo "2529"]
[Annotator "TA"]
[PlyCount "95"]
[EventDate "2018.05.24"]
[EventType "team-tourn"]
[EventCountry "GER"]
[SourceTitle "playchess.com"]
[Source "ChessBase"]
[SourceQuality "1"]
[WhiteTeam "Norderstedt"]
[BlackTeam "Zugzwang Muenchen"]

{[%evp 22,95,25,8,27,8,14,0,-3,-6,0,-2,6,8,8,8,10,11,0,0,18,19,20,15,29,30,18,19,26,11,11,13,17,18,39,18,25,0,74,77,81,18,12,18,16,16,81,81,81,81,81,81,81,81,81,81,81,20,25,32,31,20,97,79,126,0,20,0,0,0,0,0,0,0,0,0]} 1. e4 e5 2. Nf3 Nc6 3. Bb5 a6 4. Ba4 Nf6 5. O-O Be7 6. Re1 b5 7. Bb3 d6 8. a4 Bg4 9. c3 O-O 10. d3 Na5 11. Bc2 c5 12. Nbd2 {LiveBook: 40 Games} Nc6 {C90: Closed Ruy Lopez with 7...d6: Early deviations} (12... Qb8 13. h3 Bd7 14. Nf1 b4 15. Ne3 b3 16. Bb1 Bd8 17. Nd2 Ra7 18. Ndc4 Be6 19. Ra3 Rb7 20. Qf3 {1-0 (60) Salgado Lopez,I (2630)-Kovalenko,I (2668) Saint Quentin 2016}) 13. Nf1 Be6 $146 ({Predecessor:} 13... b4 14. h3 Be6 15. Ng5 Bd7 16. Ne3 Rb8 17. Nc4 h6 18. Nf3 Be6 19. Qe2 Re8 20. Nfd2 {0-1 (31) Dvoirys,S (2550)-Ben Artzi,I (2397) Kiryat Ono 2015}) 14. Bg5 b4 15. h3 h6 16. Bh4 bxc3 17. bxc3 Nd7 18. Bxe7 Qxe7 19. Ne3 Rab8 20. a5 Rfc8 21. Nd2 Nf6 22. Ndc4 Rd8 23. Ba4 Qc7 24. Bxc6 Qxc6 25. Qc2 Qc7 26. Rab1 d5 27. Nb6 dxe4 28. dxe4 c4 29. Rb4 Qc5 (29... Rd3 $1 $11) 30. Reb1 $16 ({Reject} 30. Nexc4 Bxc4 31. Rxc4 (31. Nxc4 Rxb4 32. cxb4 Qxb4 $11) 31... Qxa5 $11) ({Much weaker is} 30. Nbxc4 Rxb4 31. cxb4 Qxb4 $11) 30... Qxa5 {[#]} 31. Nexc4 (31. Ned5 $1 $16 Bxd5 32. exd5) 31... Bxc4 $11 32. Nxc4 Qc7 33. Nb6 g6 {[#]} (33... Qc5 $11) 34. Nd5 $1 $16 {[%mdl 512]} Nxd5 35. Rxb8 Rxb8 36. Rxb8+ Qxb8 37. exd5 {[%mdl 4096] Endgame KQ-KQ} Qd6 38. c4 Kf8 39. c5 (39. Qc3 $16 {Hoping for c5.} Ke7 40. g4) 39... Qxd5 $11 40. c6 {aiming for c7.} Qe6 41. Qa4 {Black must now prevent Qb4+.} Ke7 (41... Qd6 $11 {keeps the balance.}) 42. Qxa6 $16 {Threatens to win with Qb7+.} Qd6 43. Qc8 (43. Qb7+ $16 Kd8 44. Qxf7) 43... Qd1+ $11 {The position is equal.} 44. Kh2 Qd4 45. Qb7+ Ke6 46. Qb3+ Kd6 47. Qxf7 Qf4+ 48. Qxf4 {Precision: White = 43%, Black = 56%.} 1/2-1/2

[Event "BL 2017-18"]
[Site "Germany"]
[Date "2018.05.01"]
[Round "15.5"]
[White "Rogozenco, Dorian"]
[Black "Schenk, Andreas"]
[Result "1/2-1/2"]
[WhiteElo "2497"]
[BlackElo "2428"]
[Annotator "TA"]
[PlyCount "39"]
[EventDate "2018.05.24"]
[EventType "team-tourn"]
[EventCountry "GER"]
[SourceTitle "playchess.com"]
[Source "ChessBase"]
[SourceQuality "1"]
[WhiteTeam "Hamburg SK"]
[BlackTeam "Bayern Muenchen"]

{[%evp 9,39,5,8,14,19,-10,-9,-19,-21,-18,-16,-9,0,-6,14,0,10,-20,-20,-25,-21,-21,-18,-29,-24,-37,0,0,0,-28,0,0]} 1. d4 Nf6 2. c4 e6 {[%cal Be7e6,Be6e5][%mdl 32]} 3. g3 Bb4+ 4. Bd2 Bxd2+ 5. Nxd2 d6 (5... d5 6. Bg2 O-O 7. Ngf3 c6 8. O-O Nbd7 9. Rc1 b6 10. cxd5 cxd5 11. a4 Re8 {½-½ (11) Sumets,A (2569)-Bogdanovich,S (2574) Konya 2017}) 6. Bg2 {E00: Catalan Bogo-Indian (3 g3 Bb4+)} e5 7. d5 O-O 8. e3 $146 ({Predecessor:} 8. e4 Nbd7 9. b4 a5 10. a3 g6 11. Ne2 Nh5 12. O-O axb4 13. axb4 Rxa1 14. Qxa1 {½-½ (38) Reshevsky,S-Bernstein,S New York,NY 1938}) 8... a5 9. Ne2 Na6 10. O-O Bd7 11. Nc3 Qe7 12. b3 a4 13. b4 Nxb4 14. Rb1 $1 {[%cal Rb1b4]} Na6 $1 {[%cal Bb4a6,Ba6c5,Bc5d3][%mdl 32]} 15. Rxb7 Rfc8 16. a3 ({Don't go for} 16. Nxa4 $2 Bxa4 17. Qb1 Nc5 $19) 16... Nc5 17. Rb4 Nd3 18. Rb7 {next Nde4 is good for White.} Nc5 19. Rb4 Nd3 20. Rb7 {Precision: White = 38%, Black = 45%.} 1/2-1/2

[Event "BL 2017-18"]
[Site "Germany"]
[Date "2018.05.01"]
[Round "15.5"]
[White "Farmani Anosheh, Armin"]
[Black "Buhmann, Rainer"]
[Result "1/2-1/2"]
[WhiteElo "2326"]
[BlackElo "2585"]
[Annotator "TA"]
[PlyCount "96"]
[EventDate "2018.05.24"]
[EventType "team-tourn"]
[EventCountry "GER"]
[SourceTitle "playchess.com"]
[Source "ChessBase"]
[SourceQuality "1"]
[WhiteTeam "Speyer"]
[BlackTeam "Hockenheim"]

{[%evp 20,96,2,-10,8,-29,9,16,18,61,34,38,83,95,78,63,70,59,65,58,72,43,42,49,43,27,33,20,23,25,29,0,19,25,35,28,26,15,7,0,0,0,0,-163,-138,-145,0,-25,0,0,0,-16,-24,-22,-20,-24,-23,-25,0,-41,-20,-78,-60,-108,0,0,0,-2,0,-3,0,0,0,0,0,0,0,-3,0]} 1. d4 Nf6 2. c4 e6 3. Nf3 d5 4. g3 Bb4+ 5. Bd2 Be7 6. Bg2 O-O 7. O-O Nbd7 8. Qc2 c6 9. Bf4 Ne4 10. Nfd2 {E08: Closed Catalan: Main Line: 7 Qc2} (10. h4 Ndf6 11. Nbd2 Nxd2 12. Nxd2 Nh5 13. Be3 f5 14. Bf3 Qe8 15. Bg5 Nf6 16. e3 b6 17. Rac1 Ba6 {½-½ (43) Meier,G (2648)-Carlsen,M (2843) Karlsruhe/Baden-Baden 2018}) 10... f5 11. f3 {[%cal Bf2f3,Bf3e4][%mdl 32] LiveBook: 3 Games} Nef6 $146 ({Predecessor:} 11... Nxd2 12. Bxd2 Bf6 13. e3 Nb6 14. Ba5 Qe7 15. Bxb6 axb6 16. Rd1 e5 17. cxd5 exd4 18. exd4 {½-½ (50) Godart,F (2413)-Rotstein,A (2499) Belgium 2015}) 12. e4 Nh5 13. Be3 $1 dxe4 14. fxe4 Ndf6 15. Bf3 $1 Ng4 16. Bxg4 $1 fxg4 17. Nc3 e5 18. d5 Rxf1+ 19. Rxf1 Nf6 {[%cal Bh5f6,Bf6e8,Be8d6][%mdl 32]} 20. Rd1 c5 21. Nb3 b6 22. a4 {[%cal Ba2a4,Ba4a5][%mdl 32]} Bd7 23. a5 Ne8 24. Ra1 Nd6 25. Nd2 Nb7 26. axb6 axb6 27. Rxa8 Qxa8 28. Kg2 h5 29. Ndb1 Nd6 30. Na3 Qe8 31. Qd2 $2 (31. Kg1 $11 {and White is okay.}) 31... Qg6 $19 32. Qd3 {[#]} Be8 ({Black should try} 32... Nxe4 $1 $17 {[%mdl 512] And now ...Bf5 would win.} 33. Bxc5 (33. Qxe4 $2 Bf5 $19) (33. Nxe4 Bf5) 33... Bxc5 34. Qxe4 Qf6) 33. b3 Qf6 34. Bd2 Qg6 35. Qe2 Qh7 36. Nab5 Bxb5 37. cxb5 Qg6 38. Qd3 Bg5 39. Be1 Qe8 40. Bf2 (40. Qe2 $11) 40... Qa8 $17 41. Na4 {[#]} Qa5 (41... c4 $1 $17 {[%cal Rc4d3][%mdl 512]} 42. Qc2 (42. bxc4 Qxa4) 42... cxb3 43. Qxb3 Nxe4 44. d6+ Kh8 45. Nxb6 Qf8) 42. Qc3 $11 {The position is equal.} Qxc3 43. Nxc3 {[%mdl 4096] Endgame KBN-KBN} Kf7 44. Na4 Bd8 45. Nc3 Nb7 46. Nb1 Nd6 47. Nc3 Bg5 48. Na4 Bd8 {Precision: White = 44%, Black = 49%.} 1/2-1/2

[Event "BL 2017-18"]
[Site "Germany"]
[Date "2018.05.01"]
[Round "15.6"]
[White "Baramidze, David"]
[Black "Commercon, Simon"]
[Result "1-0"]
[WhiteElo "2621"]
[BlackElo "2262"]
[Annotator "TA"]
[PlyCount "103"]
[EventDate "2018.05.24"]
[EventType "team-tourn"]
[EventCountry "GER"]
[SourceTitle "playchess.com"]
[Source "ChessBase"]
[SourceQuality "1"]
[WhiteTeam "Hockenheim"]
[BlackTeam "Speyer"]

{[%evp 13,103,4,29,0,0,0,8,0,35,8,6,0,8,0,30,17,22,15,20,3,3,5,16,4,9,0,0,0,5,0,0,0,0,-7,10,0,5,0,24,16,19,19,21,14,27,-11,11,8,8,3,27,27,30,30,30,30,30,23,50,46,77,51,158,156,231,225,237,239,348,336,370,368,470,461,460,430,668,648,1563,1412,1253,1050,1042,928,29988,1639,29974,29975,29974,29975,29953,4989]} 1. e4 e5 2. Nf3 Nf6 3. Nxe5 d6 4. Nf3 Nxe4 5. Nc3 Nxc3 6. dxc3 Be7 7. Be3 c6 {LiveBook: 4 Games. C42: Petroff Defence: 3 Nxe5 and unusual White 3rd moves} (7... Nc6 8. Qd2 Be6 9. O-O-O a6 10. b3 h6 11. Be2 Qd7 12. Kb1 Bf6 13. Nd4 Nxd4 14. Bxd4 Bxd4 15. Qxd4 O-O 16. c4 Rfe8 17. Bf3 Rab8 {1-0 (41) Anand,V (2776)-Mamedyarov,S (2809) Moscow 2018}) 8. c4 $146 ({Predecessor:} 8. Qd2 Qa5 9. Be2 O-O 10. O-O Nd7 11. Rfe1 Ne5 12. Nd4 Re8 13. h3 Bf8 14. Bf4 Be6 15. b3 {½-½ (58) Languidey,S (2365)-Bispo,L (2228) Aldeia de Barueri 2017}) 8... Nd7 9. Be2 O-O {The position is equal.} 10. O-O Nf6 11. Qd3 d5 12. Rad1 Qa5 13. cxd5 Qxd5 14. Qc4 Qxc4 15. Bxc4 Bg4 16. a4 Bxf3 17. gxf3 Rfd8 18. a5 a6 19. Bb6 Rd7 20. Rfe1 {[#] Threatens to win with Rxd7.} Kf8 21. Kg2 Re8 22. c3 Bd6 23. Be3 Be7 24. Bb6 Bd6 25. Re3 Rxe3 26. fxe3 Be7 27. Rxd7 Nxd7 $11 {[%mdl 4096] Endgame KBB-KBN} 28. Bc7 Bf6 29. Bd6+ Be7 30. Bg3 Bf6 31. Kf1 Ke7 32. Ke2 Be5 33. Bh4+ f6 34. f4 Bc7 35. b4 h6 36. Bd3 c5 37. Be1 b6 (37... Nb8 $14) 38. b5 $16 ({Don't do} 38. Bxa6 $6 bxa5 39. bxa5 Bxa5 $14) 38... axb5 (38... Bb8 $16) 39. a6 $18 {[#] And now a7 would win.} ({Worse is} 39. Bxb5 bxa5 40. c4 g5 $15) 39... Bb8 {intending ...c4.} 40. Bxb5 Ba7 (40... f5 $142 41. c4 Nf6) 41. Kd3 f5 42. e4 fxe4+ 43. Kxe4 Nf6+ 44. Kf5 Nd5 (44... Nh5 $142 45. Bc4 Nf6) 45. c4 Nc7 46. Kg6 Ne6 47. f5 Nd4 48. Bg3 Kf8 49. Be5 (49. Bd6+ $142 Kg8 50. Bd7 Nf3 51. Be6+ Kh8 52. Bg3 h5 53. Bd5 b5 54. Bxf3) 49... Kg8 50. Bxg7 {White mates.} Nxf5 51. Kxf5 Kxg7 52. Ke6 {Precision: White = 56%, Black = 38%.} 1-0

[Event "BL 2017-18"]
[Site "Germany"]
[Date "2018.05.01"]
[Round "15.6"]
[White "Bezold, Michael"]
[Black "Carlstedt, Jonathan"]
[Result "0-1"]
[WhiteElo "2495"]
[BlackElo "2418"]
[Annotator "TA"]
[PlyCount "116"]
[EventDate "2018.05.24"]
[EventType "team-tourn"]
[EventCountry "GER"]
[SourceTitle "playchess.com"]
[Source "ChessBase"]
[SourceQuality "1"]
[WhiteTeam "Bayern Muenchen"]
[BlackTeam "Hamburg SK"]

{[%evp 10,116,31,32,85,34,41,35,46,44,54,42,69,28,29,44,72,67,88,25,50,52,50,60,49,61,37,37,84,80,73,78,103,121,112,74,114,102,116,118,153,149,228,222,202,218,252,71,62,61,56,-81,-74,-81,0,0,0,-72,-82,-564,-315,-765,-733,-682,-658,-554,-176,-182,-216,-351,-154,-151,-129,-113,-83,-116,-74,-85,-8,-90,-102,-97,-102,-345,-358,-360,-360,-343,-343,-252,-343,-333,-319,-464,-441,-395,-180,-192,-216,-397,-364,-1104,-996,-1239,-1118,-29994,-29995,-29996,-286]} 1. d4 Nf6 2. Nf3 e6 3. e3 c5 4. Bd3 Nc6 5. O-O cxd4 (5... d5 6. b3 Bd6 7. Bb2 O-O 8. dxc5 Bxc5 9. Nbd2 Qe7 10. e4 Rd8 11. Qe2 Ba3 12. Bxa3 Qxa3 13. e5 Nd7 14. Rfe1 Nf8 15. c4 Nb4 16. cxd5 Nxd3 17. Qxd3 Rxd5 {1-0 (89) Vidit,S (2715)-Dobrov,V (2515) Riadh 2017}) 6. exd4 {LiveBook: 3 Games. A46: 1 d4 Nf6 2 Nf3 e6: Torre, London and Colle Systems} Qc7 (6... Be7 $14) 7. c3 (7. c4 $16) 7... b6 $14 8. Re1 $146 {White is slightly better.} ({Predecessor:} 8. Bg5 Bb7 9. Nbd2 Be7 10. Re1 Ng4 11. h3 Bxg5 12. hxg4 h6 13. Qe2 {½-½ (23) Fehlings,G (1737)-Fechner,J (1641) Germany 2011}) 8... Bb7 9. Bg5 {[%cal Bc1g5,Bg5h4,Bh4g3][%mdl 32]} Bd6 10. Nbd2 Ng4 {[%cal Rd6h2]} 11. Nf1 (11. h3 $5 {[%cal Rh3g4]} h6 12. Bh4 $16 (12. hxg4 hxg5 13. Nxg5 Bf4 $11)) 11... h6 12. Bh4 g5 13. Bg3 O-O-O 14. d5 ({Better is} 14. Bxd6 $16 Qxd6 15. Qe2) 14... Nce5 15. Nxe5 Nxe5 16. Bxe5 Bxe5 17. Qe2 f6 18. Ba6 Rhe8 19. Red1 Bd6 20. a4 Bxa6 21. Qxa6+ Qb7 22. Qe2 a6 23. Ne3 Kb8 24. Qd3 f5 25. Nc4 Bf4 (25... Be7 $16 26. Ne5 Ka8) 26. d6 $18 Rc8 27. g3 Rg8 28. gxf4 $2 (28. b3 $18 {and White stays clearly on top.}) 28... gxf4+ $16 {[%cal Bg5f4,Bf4f3][%mdl 32]} 29. Kf1 Qg2+ $1 30. Ke1 {[#]} (30. Ke2 $1 $14 {is the one way to stay ahead.} f3+ 31. Kd2 Qxf2+ 32. Kc1) 30... Rc5 $1 $17 {[%cal Rc5d5][%mdl 1024] Black has strong compensation.} 31. Ke2 {Threatens to win with Rg1.} Qg4+ 32. Ke1 $1 ({Don't go for} 32. Kd2 $2 Rd5 $19) 32... Qg2 {Strongly threatening ...Rd5.} 33. Ke2 $1 {Hoping for Rg1.} f3+ $1 34. Ke1 $2 {[%mdl 8192]} (34. Qxf3 $17 {nothing else works.} Rxc4 35. Qxg2 Rxg2 36. Rd4 Rxd4 37. cxd4) 34... Qxh2 35. Ne3 $2 (35. Qxf3 Rxc4 36. Ke2) 35... Rg1+ $19 36. Kd2 Qxf2+ 37. Kc1 Rxd1+ $2 (37... Re5 38. Rxg1 Qxg1+ 39. Kc2 Qxe3 40. Qxa6 f2) 38. Nxd1 Qe2 39. Qe3 {[#]} (39. Qd4 $142) 39... Rc6 (39... f4 $1 $19 {[%mdl 512] has better winning chances.} 40. Qg1 (40. Qxf4 Rd5) 40... Rc6) 40. Qd2 $17 h5 $36 {[%mdl 2048] White is under strong pressure.} 41. b4 Qe5 42. Qf2 Qf4+ ({Don't play} 42... Rxd6 43. Qxf3 Qh2 44. Nf2) 43. Kb2 Rxd6 ({Black should play} 43... e5 $17 44. a5 b5) 44. Ne3 (44. Kb3 $1 $11 {remains equal.}) 44... Rd3 45. Nc2 Qc7 46. a5 $2 (46. Ra3 $17) 46... Qxc3+ $19 47. Kc1 Qc7 48. axb6 Qf4+ 49. Kb2 Qe5+ 50. Kc1 Rb3 51. Qh4 (51. Kd1 {was worth a try.}) 51... Qb2+ 52. Kd2 {Threatening mate with Qd8+.} Qc3+ ({Not} 52... Kb7 $2 53. Qc4 $18) (52... Rc3 $142 53. Rc1 Rc6 54. Qd8+ Kb7 55. Qxd7+ Kxb6) 53. Kc1 Kb7 {...Rb2 is the strong threat.} 54. Qd8 $2 (54. Rb1) 54... Qc6 55. Qh4 $2 (55. Qc7+ Qxc7 56. bxc7) 55... e5 {[%cal Be6e5,Be5e4][%mdl 32]} 56. Qxh5 e4 {( -> ...f2)} 57. Qxf5 Qh6+ 58. Kd1 Rd3+ {Precision: White = 41%, Black = 39%.} 0-1